| 000 | 01004pam a2200301 a 4500 | ||
|---|---|---|---|
| 001 | 2878079 | ||
| 005 | 20260213092740.0 | ||
| 008 | 860414s1986 enk b 001 0 eng | ||
| 010 | _a 86009717 | ||
| 020 | _a0521327458 | ||
| 020 | _a0521339626 | ||
| 020 | _a9780521327459 | ||
| 020 | _a9780521339629 (pbk.) | ||
| 082 | 0 | 0 | _a306 GOO |
| 100 | 1 | _aGoody, Jack. | |
| 245 | 1 | 4 |
_aThe logic of writing and the organization of society / _cJack Goody. |
| 260 |
_aCambridge ; _bCambridge University Press, _c1986. |
||
| 300 |
_axvii, 213 p. ; _c22 cm. |
||
| 440 | 0 | _aStudies in literacy, family, culture, and the state | |
| 500 | _aIncludes index. | ||
| 504 | _aBibliography: p. 194-205. | ||
| 650 | 0 |
_aWriting _xHistory. |
|
| 650 | 0 |
_aWriting _xSocial aspects. |
|
| 650 | 0 | _aSocial evolution. | |
| 856 | 4 | 2 |
_3Publisher description _uhttp://www.loc.gov/catdir/description/cam023/86009717.html |
| 856 | 4 | 1 |
_3Table of contents _uhttp://www.loc.gov/catdir/toc/cam021/86009717.html |
| 942 |
_2ddc _cBK |
||
| 999 |
_c5887 _d5887 |
||